00774cam a2200253 a 4500001000800000005001700008008004100025010001700066020002800083040002300111041000800134060002300142080001300165082001700178100000700195101000800202245004300210246003000253504005100283906004500334942001200379999001700391952011200408214371220180302035109.0980717s1999 paua bf 001 0 eng c a 98037809  a0781712068 (alk. paper) aDNLM/DLCcDLCdDLC aeng10aWQ 100bD1812 1999 a618 jam00a618 jam221 a10 agyn00aDanforth's obstetrics and gynecology /30aObstetrics and gynecology aIncludes bibliographical references and index. a7bcbccorignewd1eocipf19gy-gencatlg 2ddccBK c43944d43944 00102udc40708PËKGa002b002cPËKGd2018-03-02l0o618 jamp002-3000538r2018-03-02w2018-03-02yBK